000 00882nam a22001817a 4500
005 20120306111529.0
020 _c200.00
_a
035 _aB-25855
037 _b
_adpl
082 _a260.52
100 _aबेदी,हरमहेन्द्र सिंह
_943507
245 1 _aगुरू गोविन्द सिंह और पंजाब का हिन्दी वीर साहित्य /
_cहरमहेन्द्र सिंह बेदी
260 _aदिल्ली
_bनिर्मल पब्लिकेशन्स
_c1999
270 _a
_b
_e
_k
300 _a174पृ.
_c22सेमी (सजिल्द)
942 _adpl
_cHN
_k
_2ddc
_h260.52
_mबेदीह
999 _c63812
_d63812